[Event "10. Forchheimer Sparkassen Open"]
[Site "Forchheim"]
[Date "2011.10.09"]
[Round "5.71"]
[White "Gebhardt, Christian"]
[Black "Alka, Kurt"]
[Result "1-0"]
[WhiteElo "1593"]
[BlackElo "1250"]
[PlyCount "87"]
[EventDate "2011.??.??"]
[WhiteTeam "SV Seubelsdorf"]
[BlackTeam "SC Erlangen 48/88 e.V."]

1. e4 c5 2. Nf3 Nc6 3. d4 cxd4 4. Nxd4 Nf6 5. Nc3 a6 6. Be3 e6 7. a3 d5 8. Bg5
Be7 9. Nxc6 bxc6 10. e5 Nd7 11. Bxe7 Qxe7 12. Qh5 c5 13. f4 c4 14. Be2 Bb7 15.
Qf3 Nc5 16. Qf2 Bc6 17. O-O O-O 18. Rfd1 Rab8 19. Rab1 Rb7 20. f5 exf5 21. Nxd5
Bxd5 22. Rxd5 Na4 23. Bxc4 Rxb2 24. Rxb2 Nxb2 25. Bxa6 Qxa3 26. Bd3 Nxd3 27.
cxd3 Qa1+ 28. Qf1 Qxf1+ 29. Kxf1 g6 30. Rd6 Re8 31. d4 Re6 32. Rxe6 fxe6 33.
Ke2 Kf7 34. Kd3 Ke7 35. Kc4 Kd7 36. d5 exd5+ 37. Kxd5 Ke7 38. e6 f4 39. Ke5 g5
40. Kf5 h6 41. h3 Ke8 42. Kg6 Ke7 43. Kxh6 Kxe6 44. Kxg5 1-0

[Event "10. Forchheimer Sparkassen Open"]
[Site "Forchheim"]
[Date "2011.10.09"]
[Round "5.72"]
[White "Braun, Kristin"]
[Black "Emge, Albin"]
[Result "0-1"]
[WhiteElo "1581"]
[BlackElo "1242"]
[PlyCount "130"]
[EventDate "2011.??.??"]
[WhiteTeam "SC Forchheim e.V."]
[BlackTeam "SC Alzenau"]

1. e4 e5 2. Nf3 Nc6 3. Nc3 Nf6 4. d4 Bb4 5. d5 Nb8 6. Bg5 d6 7. Qd3 O-O 8.
O-O-O Nbd7 9. Be2 Nc5 10. Qe3 Bxc3 11. Qxc3 Ncxe4 12. Qe3 Bf5 13. Nh4 Bd7 14.
Rhf1 Nxg5 15. Qxg5 h6 16. Qe3 Nxd5 17. Rxd5 Qxh4 18. Qg3 Qe7 19. Rfd1 Be6 20.
R5d2 c5 21. Rxd6 f6 22. Bd3 Rad8 23. Rxd8 Rxd8 24. Qg6 f5 25. Bxf5 Rxd1+ 26.
Kxd1 Qd7+ 27. Bd3 c4 28. Qh7+ Kf8 29. b3 cxd3 30. Qxd3 Qe8 31. h3 Qh5+ 32. Qe2
Qg5 33. Qf3+ Qf4 34. Qxf4+ exf4 35. c4 f3 36. g4 Bd7 37. Kd2 Bc6 38. Ke3 g5 39.
b4 a6 40. a4 Bxa4 41. Kxf3 Bb3 42. c5 Bd5+ 43. Kg3 Ke7 44. f4 Kd7 45. fxg5 hxg5
46. h4 gxh4+ 47. Kxh4 Kc6 48. Kg3 Kb5 49. Kf4 Kxb4 50. Ke5 Kxc5 51. Kf4 Kd4 52.
g5 b5 53. g6 b4 54. g7 b3 55. Kf5 b2 56. Kf6 b1=Q 57. Ke7 Qb7+ 58. Ke8 Qf7+ 59.
Kd8 Qxg7 60. Kc8 a5 61. Kd8 a4 62. Ke8 a3 63. Kd8 a2 64. Ke8 a1=R 65. Kd8 Ra8#
0-1

[Event "10. Forchheimer Sparkassen Open"]
[Site "Forchheim"]
[Date "2011.10.09"]
[Round "5.73"]
[White "Dresel, Martin"]
[Black "Nitzsche, Pia"]
[Result "1/2-1/2"]
[WhiteElo "1275"]
[BlackElo "1565"]
[PlyCount "62"]
[EventDate "2011.??.??"]
[WhiteTeam "SC Erlangen 48/88 e.V."]
[BlackTeam "Chemnitzer SC Aufbau`95"]

1. d4 Nf6 2. c4 d6 3. Nc3 g6 4. Nf3 Bg7 5. e3 O-O 6. Bd3 c5 7. O-O Nc6 8. Qe2
a6 9. b3 Bg4 10. h3 Bxf3 11. Qxf3 Rb8 12. dxc5 dxc5 13. Rd1 Qc7 14. Bb2 Ne5 15.
Qe2 Nxd3 16. Rxd3 b5 17. Nd5 Qa7 18. Nxf6+ exf6 19. Rad1 bxc4 20. Rd7 Qa8 21.
Qxc4 Rbc8 22. R7d5 Qc6 23. Ba3 Qb5 24. Qc2 Rfe8 25. Bxc5 Bf8 26. Rc1 Re5 27.
Rxe5 fxe5 28. b4 a5 29. Qb1 axb4 30. Bxf8 Rxc1+ 31. Qxc1 Kxf8 1/2-1/2

[Event "10. Forchheimer Sparkassen Open"]
[Site "Forchheim"]
[Date "2011.10.09"]
[Round "5.74"]
[White "Kraus, Sebastian"]
[Black "Heil, Rudolf"]
[Result "1/2-1/2"]
[WhiteElo "1250"]
[BlackElo "1544"]
[PlyCount "60"]
[EventDate "2011.??.??"]
[WhiteTeam "SV Puschendorf 1949 e.V."]
[BlackTeam "SC Starnberg"]

1. e4 Nc6 2. Nf3 f5 3. exf5 d5 4. Bb5 Bxf5 5. Nd4 Bd7 6. Bxc6 bxc6 7. d3 Nf6 8.
Bg5 g6 9. O-O Bg7 10. Re1 O-O 11. Qd2 Rb8 12. Nb3 Re8 13. Nc3 Bf5 14. Rab1 d4
15. Na4 Qd6 16. h3 e5 17. g4 Bd7 18. Nac5 Nd5 19. a3 Rf8 20. Ne4 Qe6 21. Nbc5
Qe8 22. Rf1 Nf4 23. Bxf4 Rxf4 24. Rfe1 Qe7 25. Nxd7 Qxd7 26. Kg2 Rbf8 27. Rf1
Qe7 28. f3 Qh4 29. Rf2 Bh6 30. Qa5 Qe7 1/2-1/2

[Event "10. Forchheimer Sparkassen Open"]
[Site "Forchheim"]
[Date "2011.10.09"]
[Round "5.76"]
[White "Dreiseitel, Werner"]
[Black "Kunkel, Heinrich"]
[Result "1/2-1/2"]
[WhiteElo "1482"]
[BlackElo "1209"]
[PlyCount "63"]
[EventDate "2011.??.??"]
[WhiteTeam "SC Noris-Tarrasch Nürnberg 1873"]
[BlackTeam "TuS 1863 Aschaffenb.Damm"]

1. d4 d5 2. c4 Nc6 3. Nc3 Be6 4. e3 Nf6 5. c5 Bf5 6. a3 a6 7. Nf3 Ne4 8. Nxe4
Bxe4 9. Be2 e6 10. O-O Be7 11. b4 O-O 12. Bd2 b6 13. cxb6 cxb6 14. Rc1 Bxf3 15.
Bxf3 Qd7 16. Be2 b5 17. Bd3 g6 18. Qg4 Rfc8 19. f4 f5 20. Qf3 Bf6 21. Rc2 Ra7
22. Rfc1 Rac7 23. Qd1 Nd8 24. g4 Nf7 25. g5 Bg7 26. h4 Nd6 27. Rxc7 Rxc7 28.
Rc2 Rxc2 29. Qxc2 Qc8 30. Qc5 Bf8 31. Qxc8 Nxc8 32. Bc2 1/2-1/2

[Event "10. Forchheimer Sparkassen Open"]
[Site "Forchheim"]
[Date "2011.10.09"]
[Round "5.77"]
[White "Neiss, Albrecht"]
[Black "Semenova, Alisa"]
[Result "1/2-1/2"]
[WhiteElo "1469"]
[BlackElo "1156"]
[PlyCount "40"]
[EventDate "2011.??.??"]
[WhiteTeam "SC Kirchseeon e.V."]
[BlackTeam "SC Noris-Tarrasch Nürnberg 1873"]

1. d4 d5 2. c4 e6 3. Nc3 Nf6 4. cxd5 exd5 5. Bg5 Be7 6. e3 c6 7. Bd3 Nbd7 8.
Nge2 b6 9. Qc2 Bb7 10. O-O-O Rc8 11. Kb1 c5 12. h4 a6 13. Bf5 b5 14. Rc1 cxd4
15. exd4 b4 16. Qb3 bxc3 17. Qxb7 Rb8 18. Qxa6 Rxb2+ 19. Ka1 Rb6 20. Qd3 Ba3
1/2-1/2

[Event "10. Forchheimer Sparkassen Open"]
[Site "Forchheim"]
[Date "2011.10.09"]
[Round "5.78"]
[White "Meier, Martin"]
[Black "Gründel, Johannes"]
[Result "0-1"]
[WhiteElo "1153"]
[BlackElo "1436"]
[PlyCount "78"]
[EventDate "2011.??.??"]
[WhiteTeam "FC Ergolding 1932 e.V."]
[BlackTeam "SC Forchheim e.V."]

1. c4 e5 2. Nc3 Nf6 3. g3 Bc5 4. e3 Nc6 5. Bg2 d6 6. Nge2 Be6 7. b3 Qd7 8. O-O
Bh3 9. f4 Bxg2 10. Kxg2 h5 11. f5 h4 12. Qe1 Ne7 13. Qf2 hxg3 14. Nxg3 Ng4 15.
Qe2 Rxh2+ 16. Kg1 Rxe2 17. Ncxe2 O-O-O 18. d4 Bb6 19. Bd2 g6 20. Kg2 gxf5 21.
a4 a6 22. Rf3 f4 23. exf4 Bxd4 24. Nxd4 exd4 25. f5 Rg8 26. Raf1 Qc6 27. Kh3
Ne5 28. Rf4 Rh8+ 29. Rh4 Rxh4+ 30. Kxh4 Nf3+ 31. Kh5 Nxd2 32. f6 Nxf1 33. Kh6
Nxg3 34. fxe7 Nf5+ 35. Kh5 Nxe7 36. Kg5 d3 37. Kf6 d2 38. Kxe7 d1=Q 39. Kxf7
Qf1+ 0-1

[Event "10. Forchheimer Sparkassen Open"]
[Site "Forchheim"]
[Date "2011.10.09"]
[Round "5.79"]
[White "Heinlein, Hans-Albert"]
[Black "Kraus, Oliver"]
[Result "1-0"]
[WhiteElo "1430"]
[BlackElo "1073"]
[PlyCount "69"]
[EventDate "2011.??.??"]
[WhiteTeam "SF Fürth 1951 e.V."]
[BlackTeam "SV Puschendorf 1949 e.V."]

1. d4 d5 2. c4 e6 3. e3 Nc6 4. a3 Nf6 5. Nc3 a6 6. Nf3 dxc4 7. Bxc4 b5 8. Ba2
Bb7 9. O-O Be7 10. e4 Qd7 11. d5 exd5 12. exd5 Na5 13. Re1 O-O 14. Ne5 Qd6 15.
b4 Nc4 16. Nxc4 bxc4 17. Bxc4 Rfe8 18. Bb2 Rad8 19. b5 Nxd5 20. Nxd5 Bxd5 21.
Bxd5 Qxd5 22. Qxd5 Rxd5 23. bxa6 Kf8 24. a7 Ra8 25. Rad1 Rxd1 26. Rxd1 Rxa7 27.
g4 g6 28. h3 Ra8 29. Kf1 Bxa3 30. Ra1 Bxb2 31. Rxa8+ Kg7 32. Rc8 Be5 33. Ke2
Kf6 34. h4 Bg3 35. fxg3 1-0

[Event "10. Forchheimer Sparkassen Open"]
[Site "Forchheim"]
[Date "2011.10.09"]
[Round "5.80"]
[White "Hock, Anna-Maria"]
[Black "Schilay, Eva"]
[Result "1-0"]
[WhiteElo "1412"]
[BlackElo "1052"]
[PlyCount "121"]
[EventDate "2011.??.??"]
[WhiteTeam "TV-Großostheim 1900 e.V."]
[BlackTeam "SK Neumarkt e.V."]

1. e4 e5 2. Nf3 Nc6 3. Bb5 Nf6 4. O-O d5 5. Bxc6+ bxc6 6. Nxe5 Qd6 7. d4 Bg4 8.
Nxg4 Nxe4 9. Re1 Be7 10. Qf3 O-O 11. Nc3 Ng5 12. Bxg5 Bxg5 13. Re2 Qb4 14. b3
Qxd4 15. Rd1 Qc5 16. Re5 Bh4 17. g3 Bd8 18. Qe3 Qxe3 19. Rxe3 Bg5 20. Re5 h6
21. Ne2 Rfe8 22. Nd4 c5 23. Nf3 Bf6 24. Nxf6+ gxf6 25. Rexd5 Re2 26. R1d2 Re7
27. Rxc5 Rae8 28. Kf1 a6 29. Rc6 Re6 30. Rxc7 Kf8 31. Rcd7 R8e7 32. Rxe7 Rxe7
33. Rd6 Rc7 34. c4 a5 35. Rxf6 h5 36. Rf5 Rd7 37. Rxa5 Rd1+ 38. Ke2 Ra1 39. c5
Rc1 40. b4 Ke7 41. Ra6 Kd7 42. c6+ Kc7 43. Ra7+ Kxc6 44. Rxf7 Kb5 45. Ne1 Kxb4
46. Nd3+ Ka3 47. Nxc1 Kb2 48. a4 Kxc1 49. Rc7+ Kb2 50. Kd2 Kb3 51. a5 Kb4 52.
a6 Kb5 53. a7 Kb6 54. Re7 Kc6 55. a8=Q+ Kd6 56. Qa7 Kd5 57. Qd7+ Kc5 58. Re5+
Kb6 59. Qd6+ Kb7 60. Re7+ Kc8 61. Qc7# 1-0

[Event "10. Forchheimer Sparkassen Open"]
[Site "Forchheim"]
[Date "2011.10.09"]
[Round "5.83"]
[White "Shen, Julian"]
[Black "Häusler, Luis"]
[Result "1/2-1/2"]
[WhiteElo "1363"]
[BlackElo "996"]
[PlyCount "119"]
[EventDate "2011.??.??"]
[WhiteTeam "SK Rothenburg e.V."]
[BlackTeam "Spvgg 1946 e.V. Stetten"]

1. e4 c5 2. Nf3 d6 3. d4 cxd4 4. Nxd4 Nf6 5. Nc3 g6 6. Be3 Bg7 7. f3 O-O 8. Bc4
Bd7 9. O-O Nc6 10. Nb3 Qc7 11. Bd3 Rac8 12. Qd2 Ne5 13. Bh6 a6 14. Bxg7 Kxg7
15. Rfd1 b5 16. Rac1 b4 17. Ne2 a5 18. c3 Nxd3 19. Qxd3 Qb6+ 20. Qd4 Qxd4+ 21.
cxd4 a4 22. Nd2 Rxc1 23. Rxc1 Rc8 24. Rxc8 Bxc8 25. Ng3 Ba6 26. Kf2 Kh6 27. Ke3
Kg5 28. Ne2 Bxe2 29. Kxe2 Kf4 30. g3+ Kg5 31. a3 b3 32. Nc4 Nd7 33. Ke3 f5 34.
e5 f4+ 35. Ke4 dxe5 36. Nxe5 Nf6+ 37. Kd3 Kf5 38. Kc4 g5 39. g4+ Nxg4 40. Nxg4
h5 41. h3 hxg4 42. hxg4+ Ke6 43. Kc5 Kd7 44. Kd5 Kc7 45. Ke5 Kc6 46. Kf5 Kd5
47. Kxg5 Kxd4 48. Kh6 Kd3 49. g5 Kc2 50. g6 Kxb2 51. g7 Kxa3 52. g8=Q b2 53.
Qg6 Ka2 54. Qc2 Ka3 55. Kg5 e5 56. Kf5 e4 57. Kxf4 exf3 58. Ke3 f2 59. Kxf2
b1=Q 60. Qxb1 1/2-1/2

[Event "10. Forchheimer Sparkassen Open"]
[Site "Forchheim"]
[Date "2011.10.09"]
[Round "5.85"]
[White "Heinrich, Leon"]
[Black "Grüninger, Maxim"]
[Result "1-0"]
[WhiteElo "1168"]
[BlackElo "867"]
[PlyCount "69"]
[EventDate "2011.??.??"]
[WhiteTeam "SC Noris-Tarrasch Nürnberg 1873"]
[BlackTeam "SC Erlangen 48/88 e.V."]

1. e4 e5 2. f4 f6 3. Nf3 Nc6 4. Bc4 Bc5 5. c3 Nge7 6. d4 d5 7. exd5 Na5 8. dxc5
Nxc4 9. Qa4+ Qd7 10. Qxc4 Nxd5 11. O-O O-O 12. Rd1 c6 13. Qb3 Re8 14. c4 Qg4
15. cxd5 cxd5 16. fxe5 fxe5 17. Be3 Qg6 18. Kh1 e4 19. Nd4 Bg4 20. Rf1 Rf8 21.
Nc3 Rf6 22. Rxf6 Qxf6 23. Qxd5+ Kh8 24. Qxe4 Bf5 25. Nxf5 Rf8 26. Rd1 Qxf5 27.
Qxf5 Rg8 28. Qg5 a6 29. Rd8 h6 30. Rxg8+ Kxg8 31. Qg6 a5 32. Nd5 b5 33. c6 b4
34. c7 b3 35. c8=Q# 1-0

[Event "10. Forchheimer Sparkassen Open"]
[Site "Forchheim"]
[Date "2011.10.09"]
[Round "5.86"]
[White "Hasenstab, Rainer"]
[Black "Meier, Hans"]
[Result "0-1"]
[WhiteElo "977"]
[BlackElo "1167"]
[PlyCount "112"]
[EventDate "2011.??.??"]
[WhiteTeam "Schachfreunde Sailauf"]
[BlackTeam "SV Aham"]

1. e4 e5 2. Qh5 Nc6 3. Bc4 g6 4. Qf3 Nf6 5. d3 Bc5 6. Nh3 Nd4 7. Qd1 d6 8. Ng5
Be6 9. Nxe6 Nxe6 10. Be3 Qe7 11. Nc3 c6 12. Qf3 O-O-O 13. Bxe6+ fxe6 14. Bg5
Rhf8 15. Bh6 Rf7 16. Be3 Nd5 17. Qe2 Nxe3 18. fxe3 Rdf8 19. O-O-O Qg5 20. Rhf1
Bxe3+ 21. Kb1 Rf2 22. Rxf2 Rxf2 23. Qe1 Qxg2 24. Qxe3 Kb8 25. a3 Rxc2 26. Rg1
Rxb2+ 27. Ka1 Qc2 28. Qc1 Qf2 29. Rh1 Rc2 30. Qe1 Qxe1+ 31. Rxe1 Rxc3 32. Re3
Rc2 33. h3 g5 34. Rg3 h6 35. Kb1 Rf2 36. Re3 Rf4 37. Kb2 h5 38. Kb3 g4 39. hxg4
hxg4 40. a4 Rf3 41. Re2 Rxd3+ 42. Kb2 Rf3 43. Kb1 g3 44. Rg2 Rf1+ 45. Kb2 Rf2+
46. Rxf2 gxf2 47. Kb3 a5 48. Kc3 d5 49. exd5 exd5 50. Kd2 f1=Q 51. Kc2 Qe2+ 52.
Kc3 e4 53. Kd4 Qh2 54. Kc5 Qe5 55. Kb6 Qd4+ 56. Kxa5 Qc5# 0-1

[Event "10. Forchheimer Sparkassen Open"]
[Site "Forchheim"]
[Date "2011.10.09"]
[Round "5.87"]
[White "Ziegler, Gerhard"]
[Black "Schilay, Maria"]
[Result "1-0"]
[WhiteElo "1073"]
[BlackElo "797"]
[PlyCount "89"]
[EventDate "2011.??.??"]
[WhiteTeam "SC Kirchseeon e.V."]
[BlackTeam "SK Neumarkt e.V."]

1. e4 e5 2. Nf3 Nc6 3. Bc4 Bc5 4. O-O Nf6 5. Re1 d6 6. h3 O-O 7. c3 Be6 8. Bb3
Bxb3 9. axb3 Nh5 10. d4 exd4 11. cxd4 Bb4 12. Bd2 Nf4 13. Bxf4 Bxe1 14. Qxe1 d5
15. Nc3 dxe4 16. Nxe4 Ne7 17. Rc1 Ng6 18. Bxc7 Qe7 19. Bd6 Qe6 20. Bxf8 Rxf8
21. Rc7 Qxb3 22. Qd2 h6 23. Nc5 Qd5 24. Rxb7 a5 25. Qxa5 Qd6 26. Ne4 Qc6 27.
Nc5 Nf4 28. Rc7 Qg6 29. g3 Nxh3+ 30. Kg2 Ng5 31. Nxg5 hxg5 32. Qd2 g4 33. b4
Re8 34. Qf4 Re1 35. Nd3 Ra1 36. f3 Ra3 37. fxg4 Rxd3 38. g5 Rb3 39. Rc8+ Kh7
40. Qh4+ Qh6 41. gxh6 gxh6 42. Rc7 Rxb4 43. Rxf7+ Kg6 44. Qf4 Kh5 45. Qf5# 1-0

[Event "10. Forchheimer Sparkassen Open"]
[Site "Forchheim"]
[Date "2011.10.09"]
[Round "5.88"]
[White "Tschammer, Kai"]
[Black "Steindl, Horst"]
[Result "1-0"]
[WhiteElo "759"]
[BlackElo "911"]
[PlyCount "95"]
[EventDate "2011.??.??"]
[WhiteTeam "SC Erlangen 48/88 e.V."]
[BlackTeam "SW Nürnberg Süd e.V."]

1. e4 c6 2. Nf3 d5 3. exd5 cxd5 4. d4 Nc6 5. Nc3 Bg4 6. Bb5 a6 7. Bd3 f6 8. O-O
e5 9. dxe5 fxe5 10. Be2 d4 11. Ne4 Nf6 12. Bg5 Be7 13. Nxf6+ Bxf6 14. Bxf6 Qxf6
15. h3 Bf5 16. c3 Rd8 17. cxd4 exd4 18. Re1 O-O 19. Qb3+ Rf7 20. Bc4 Qg6 21.
Bxf7+ Qxf7 22. Qxf7+ Kxf7 23. Ne5+ Nxe5 24. Rxe5 g6 25. Rd1 d3 26. Rc5 d2 27.
g4 Bb1 28. Kf1 Bd3+ 29. Kg2 Bb1 30. Kg3 Rd3+ 31. Kf4 h6 32. Ke5 b6 33. Rc7+ Ke8
34. Rc4 Bxa2 35. Rd4 Bb1 36. Rxd3 Bxd3 37. Rxd2 Bf1 38. h4 Bh3 39. g5 hxg5 40.
hxg5 Kf7 41. Rd6 b5 42. Rxa6 Ke7 43. Ra7+ Bd7 44. f4 Kd8 45. Kd6 Bf5 46. Ra8+
Bc8 47. f5 gxf5 48. g6 1-0